8 mots dans mots : hou (mort subite) - Statistiques

Statistiques générales
  • Ce quiz a été pris 32 fois
  • Le résultat moyen est 6 sur 8
Answers on the Grid
Answers color-coded by a green-red scale on the quiz's grid according to % correct below.
A---tissement
Ent---siasmer
Croquem---che
Caoutc---ter
A---cher
Mandc---rie
Caram---illeur
C---raver
Crac---iller
Bar---iller
Cham---lement
Franc---illarde
Déséc---er
Anti---rgeois
C---riner
Débar---iller
 
Statistiques - réponses
Réponse % Correct
Ent---siasmer
89%
Caoutc---ter
82%
Crac---iller
79%
C---raver
75%
Mandc---rie
75%
Franc---illarde
68%
C---riner
61%
Déséc---er
57%
Aucun quiz correspondant
Distribution des résultats
% des personnes avec chaque résultat
Percentile par nombre de réponses
Votre historique - résultats
Vous n’avez pas pris ce quiz